| 000 | 00419cam a2200169ua 4500 | ||
|---|---|---|---|
| 020 | _cRs.1.50 | ||
| 041 |
_aeng _h |
||
| 082 |
_a828.09 _bMUL/GO |
||
| 100 | _aMullik, B.R. | ||
| 245 |
_aGoldsmith`s the vicar of Wakefield / _cB.R Mullik. _hTextual Documents |
||
| 260 |
_aNew Delhi : _bS.Chand & Sons , _c1961. |
||
| 300 | _a29 ; . | ||
| 365 | _aRs.1.50 | ||
| 504 | _a | ||
| 942 | _cBK | ||
| 999 |
_c2355 _d2355 |
||